| 000 | 00377nam a2200133Ia 4500 | ||
|---|---|---|---|
| 008 | 170221s9999 xx 000 0 und d | ||
| 245 | 2 | _aA Literature Review of Research on Facebook Use | |
| 260 | _bThe Open Communication Journal | ||
| 260 | _c2012 | ||
| 300 | _a6 : | ||
| 650 | _xCommunication | ||
| 650 | _xMedia Arts | ||
| 856 | _uhttps://benthamopen.com/TOCOMMJ/VOLUME/6/ | ||
| 999 |
_c307292 _d307292 |
||